Art of other discipline / (Record no. 168458)

MARC details
000 -LEADER
fixed length control field 00644nam a22001937a 4500
005 - DATE AND TIME OF LATEST TRANSACTION
control field 20191009172427.0
010 ## - LCCN (DPL NO)
LC control number ENG-126632
020 ## - INTERNATIONAL STANDARD BOOK NUMBER
International Standard Book Number 9789383056231
Terms of availability 250.00
035 ## - SYSTEM CONTROL NUMBER
System control number EN-110164
037 ## - SOURCE OF ACQUISITION
Source of stock number/acquisition DBAD/PUB
082 ## - DEWEY DECIMAL CLASSIFICATION NUMBER
Classification number 700
100 ## - MAIN ENTRY--PERSONAL NAME
Personal name Parimal, Prakash
245 ## - TITLE STATEMENT
Title Art of other discipline /
Statement of responsibility, etc by Prakash Parimal
Remainder of title a book on aesthetics
260 ## - PUBLICATION, DISTRIBUTION, ETC. (IMPRINT)
Place of publication, distribution, etc Jaipur
Name of publisher, distributor, etc Monika Prakashan
Date of publication, distribution, etc 2018
270 ## - ADDRESS
Address 85/175, Pratap Nagar
City Sanganer, Jaipur
Postal code 302003
Electronic mail address monikaprakashan.jpr@gmail.com
Telephone number 09887110085, 09772988967
300 ## - PHYSICAL DESCRIPTION
Extent 95p.
Dimensions 22cm(Hb)
500 ## - GENERAL NOTE
General note Includes bibliographical references
942 ## - ADDED ENTRY ELEMENTS (KOHA)
Source of classification or shelving scheme Dewey Decimal Classification
Item type English Books
Classification part 700
Call number suffix PAR
Holdings
Withdrawn status Lost status Not for loan Collection code Home library Current library Date acquired Source of acquisition Cost, normal purchase price Full call number Barcode Copy number Cost, replacement price Koha item type
      Non-fiction Central Library Central Library 09/10/2019 DBAD/PUB 250.00 700 PAR EN-110164 1 250.00 English Books

© Delhi Public Library
Hit Counter
free hit counter